000 00416nam a22001577a 4500
005 20251108165358.0
008 250721s9999 xx 000 0 ara d
082 1 4 _a962/محم
100 1 _aعودة، محمد
245 1 0 _aبلا مواعظ /
264 1 _aالقاهرة :
_bدار الموقف العربي،
_c[19-].
300 _a171ص
650 1 7 _aتاريخ مصر
942 _2ddc
_cBK
999 _c26491
_d26491